00304nam a2200109Ia 4500008004000000082001800040100002200058245004600080260004800126300001000174650001000184210210b1968 xxu||||| |||| 00| 0 eng d a330.9051 KINC aKING (Frank H H). aConcise economic history of modern China. aBombaybVora & Co Publishers Pvt Ltd.c1968 ax,244 aChina